书目信息 |
| 题名: |
福利国家论析
|
|
| 作者: | 顾俊礼 | |
| 分册: | ||
| 出版信息: | 北京 经济管理出版社 2002 |
|
| 页数: | 459 | |
| 开本: | 20cm | |
| 丛书名: | ||
| 单 册: | ||
| 中图分类: | D57 | |
| 科图分类: | ||
| 主题词: | 国际政治 | |
| 电子资源: | ||
| ISBN: | 7-80162-337-1 | |
| 000 | 00482nam0 2200181 450 | |
| 001 | 0760515518 | |
| 005 | 20070817164835.51 | |
| 010 | @a7-80162-337-1@d¥28.00 | |
| 100 | @a20070817d km y0chiy0120 ea | |
| 101 | 0 | @achi |
| 200 | 1 | @a福利国家论析@Afu li guo jia lun xi@f顾俊礼@Fgu jun li |
| 210 | @a北京@c经济管理出版社@d2002 | |
| 215 | @a459@d20cm | |
| 606 | 0 | @a国际政治 |
| 690 | @aD57@v3 | |
| 701 | 0 | @a顾俊礼@Agu jun li |
| 801 | 0 | @aCN@bPFT@c20070817 |
| 905 | @a213230@dD57@eg14@f1 | |
| 福利国家论析/顾俊礼.-北京:经济管理出版社,2002 |
| 459;20cm |
| ISBN 7-80162-337-1:¥28.00 |
| ● |
| 相关链接 |
|
|
|
|
正题名:福利国家论析
索取号:D57/g14
 
预约/预借
| 序号 | 登录号 | 条形码 | 馆藏地/架位号 | 状态 | 备注 |
| 1 | 6500491 | 265004915 | 密集书库-海洋学院/ [索取号:D57/g14] | 在馆 |